Statistics for Guess the Taylor Swift song with no hints #7

Click here to take the quiz!

General Stats

  • This quiz has been taken 54,490 times
  • The average score is 199 of 299

Answer Stats

Answer% Correct
I
99%
a
96%
you
96%
The
94%
the
94%
me
92%
we
90%
We
90%
When
85%
when
85%
on
84%
to
84%
And
83%
and
83%
be
82%
In
81%
in
81%
your
81%
it
77%
my
76%
is
75%
like
74%
Like
74%
that
74%
that's
74%
were
72%
night
71%
one
70%
So
70%
so
70%
want
70%
of
69%
with
69%
all
68%
you're
67%
but
66%
this
66%
too
65%
know
64%
things
64%
first
63%
for
63%
met
62%
friends
61%
had
60%
Now
60%
Kiss
59%
paper
59%
right
59%
rings
59%
Went
59%
went
59%
'cause
58%
Oh
58%
read
58%
from
57%
I'm
57%
marry
57%
up
57%
hate
56%
I'd
56%
if
56%
it's
56%
‘cause
55%
'cause
55%
life
55%
shiny
55%
dreams
53%
exes
53%
home
53%
long
53%
accidents
52%
back
52%
Darling
52%
high
52%
I've
52%
moon
52%
or
52%
Three
52%
three
52%
bed
51%
books
51%
Internet
51%
once
51%
two
51%
baby
50%
cold
50%
except
50%
picture
49%
stalk
49%
takes
49%
times
49%
twice
49%
whole
49%
beside
48%
blue
48%
gonna
48%
makes
48%
alright
47%
boy
47%
frames
47%
gave
47%
here
47%
tried
47%
Uh huh
47%
waited
47%
watch
47%
street
46%
dirty
45%
wake
45%
wine
45%
away
44%
even
44%
breathe
43%
month
43%
shoulder
43%
around
42%
arms
41%
drive
41%
jumped
41%
pool
41%
brother's
40%
wall
40%
Cat
39%
Mondays
39%
painted
39%
Which
39%
complications
38%
icy
38%
mouse
38%
outdoor
38%
standing
38%
winter
38%
wouldn't
38%
Wrap
38%
color
37%
dreary
36%
fights
36%
Honey
36%
without
36%
tall
35%
flaws
34%

Score Distribution

Percentile by Number Answered

Percent of People with Each Score

Your Score History

You have not taken this quiz